Recopilación de penas militares con arreglo a ordenanza y Reales Órdenes espedidas [sic] hasta el día (Record no. 163106)

MARC details
000 -LEADER
campo de control de longitud fija 01216nam a2200217 i 4500
001 - NÚMERO DE CONTROL
campo de control 163106
003 - IDENTIFICADOR DE NÚMERO DE CONTROL
campo de control ES-MaACL
005 - FECHA Y HORA DE LA ÚLTIMA TRANSACCIÓN
campo de control 20230906212654.0
008 - DATOS DE LONGITUD FIJA--INFORMACIÓN GENERAL
campo de control de longitud fija 010912s1834 sp af |||| | spa d
040 ## - FUENTE DE CATALOGACIÓN
Centro catalogador/agencia de origen CCPB | B
Lengua de catalogación spa
Centro/agencia transcriptor CCPB | B
245 00 - MENCIÓN DEL TÍTULO
Título Recopilación de penas militares con arreglo a ordenanza y Reales Órdenes espedidas [sic] hasta el día
Resto del título : abraza la instrucción del recluta de infantería ... formularios para el manejo mecánico de la compañía, tablas de reducción de socorros ... estension [sic] cuanto pueden desear.
250 ## - MENCION DE EDICION
Mención de edición Nueva ed., adornada con 2 láminas que demuestran las señales de mando y 3 que representan las posiciones del recluta y manejo del arma
Resto de la mención de edición arreglada, corr. y aum. por Manuel M. Mengs, Miguel Sánchez y Julian López.
260 ## - PUBLICACIÓN, DISTRIBUCIÓN, ETC.
Lugar de publicación, distribución, etc. Madrid :
Nombre del editor, distribuidor, etc. [s.n.],
Fecha de publicación, distribución, etc. 1834 (
Fabricante Imp. de Pedro Sanz)
300 ## - DESCRIPCIÓN FÍSICA
Extensión IV, 533 p., [5] h. de lám. pleg. ;
Dimensiones 16 cm.
594 ## - Nota al título y mención de responsabilidad
Nota al título y mención de responsabilidad Precede al tít., en antep.: Instrucción de infantería.
650 #4 - PUNTO DE ACCESO ADICIONAL DE MATERIA--TÉRMINO DE MATERIA
Término de materia o nombre geográfico como elemento de entrada Disciplina militar.
9 (RLIN) 135934
700 1# - ENTRADA AGREGADA--NOMBRE PERSONAL
Nombre de persona Sánchez, Miguel,
Títulos y otros términos asociados al nombre Militar.
9 (RLIN) 155303
700 1# - ENTRADA AGREGADA--NOMBRE PERSONAL
Nombre de persona López de la Cuesta, Julián.
9 (RLIN) 155304
700 1# - ENTRADA AGREGADA--NOMBRE PERSONAL
Nombre de persona Mengs, Manuel de.
9 (RLIN) 155305
852 ## - LOCALIZACIÓN
Ubicación ES-MaACL
Número de control de estantería G-10357
Nota libre -- Enc. pasta española
Holdings
Estatus retirado Estado de pérdida Estado de daño No para préstamo Colección Biblioteca de origen Biblioteca actual Ubicación en estantería Fecha de adquisición Fuente de adquisición Total de préstamos Signatura topográfica completa Código de barras Visto por última vez Precio de reemplazo Tipo de ítem Koha
        Libros del s. XIX Biblioteca del Ateneo de Madrid Biblioteca del Ateneo de Madrid Sala Pecera Planta 3 17/01/2008     G-10357 1170915 23/02/2023 23/02/2023 Libro impreso antiguo